Guess the Famous People from their Eyes #6 - Statistics

General Stats
  • This quiz has been taken 746 times
  • The average score is 9 of 16
Answer Stats
Picture Answer % Correct
Albert Einstein
94%
Tom
91%
Jennifer Aniston
88%
Zac Efron
82%
Miley Cyrus
80%
Drake
78%
Megan Fox
71%
Sylvester Stallone
65%
Whitney Houston
53%
John Krasinski
37%
Amy Adams
34%
Harry S. Truman
20%
Naomi Campbell
18%
Sarah Palin
18%
Amelia Earhart
11%
Shinzo Abe
10%
No matching quizzes found
Score Distribution
Percent of People with Each Score
Percentile by Number Answered
Your Score History
You have not taken this quiz